| 000 | 00552nam a2200205Ia 4500 | ||
|---|---|---|---|
| 005 | 20230502185943.0 | ||
| 008 | 230125s9999 xx 000 0 und d | ||
| 020 | _a8178811529 | ||
| 041 | _aeng | ||
| 082 |
_a658.421 _bPRA |
||
| 100 |
_aPrasad R, Ed. _9109025 |
||
| 245 |
_aEntrepreneurship _bConcepts and Cases |
||
| 260 |
_c2003 _bICFAI publication _aHyderabad |
||
| 300 | _a169p | ||
| 500 | _aEntrepreneurship | ||
| 650 |
_aEntrepreneurship _9109338 |
||
| 700 |
_aPrasad R, Ed. & Abhyankar M W, Donor _9115860 |
||
| 906 | _b150 | ||
| 942 | _cBK | ||
| 999 |
_c93634 _d93634 |
||